[Event "Novosibirsk"]
[Site "Novosibirsk"]
[Date "1995.??.??"]
[Round "5"]
[White "Khalifman, Alexander"]
[Black "Kharlov, Andrei"]
[Result "1/2-1/2"]
[WhiteElo "2655"]
[BlackElo "2555"]
[Annotator "Chekhov"]
[PlyCount "85"]
[EventDate "1995.10.??"]
[EventType "tourn"]
[EventRounds "11"]
[EventCountry "RUS"]
[EventCategory "15"]
[SourceTitle "CBM 050"]
[Source "ChessBase"]
[SourceDate "1996.02.01"]
[SourceVersion "1"]
[SourceVersionDate "1996.02.01"]
[SourceQuality "1"]

1. d4 d5 2. c4 dxc4 3. Nf3 a6 4. e3 e6 5. Bxc4 Nf6 6. Qe2 c5 7. dxc5 Bxc5 8.
O-O Nc6 (8... Qc7 $5) 9. a3 (9. e4 $5 Qc7 10. e5 Ng4 11. Bf4 f6 12. Nbd2 Ngxe5
13. Nxe5 fxe5 14. Bg3 O-O 15. Rac1 Qe7 16. Nf3 Nd4 17. Nxd4 exd4 18. Qe4 $146 {
Gleizerov,E-Savchenko,S/Alushta/1993/0,5/32/}) (9. Nbd2 O-O 10. a3 Nd5 $5 11.
Ne4 Be7 12. b4 b5 13. Bd3 f5 14. Ng3 Bf6 15. Bb2 Bxb2 16. Qxb2 Nxe3 17. Bxb5
axb5 18. fxe3 Qf6 19. Qb3 Kh8 $15 {Lautier,J-Dorfman,J/Barcelona/1992/0|1/34/})
9... b5 (9... Qc7 $5 10. b4 Bd6 11. Bb2 Ne5 12. Nbd2 Bd7 13. Rfc1 Qb8 14. Nxe5
Bxe5 15. Nf3 Bxb2 16. Qxb2 O-O 17. Ne5 Rd8 18. Be2 Ba4 $10 {Kharitonov,
A-Chekhov,V/Pavlodar/1987/0,5/30/}) (9... e5 $5 10. Nc3 O-O 11. Ng5 Qe7 12. Qc2
g6 13. Nge4 Nxe4 14. Nxe4 Bf5 15. Bd5 Ba7 16. Qe2 Rad8 17. Nc3 e4 $36 {
Chuchelov,V-Mainka,G/Dortmund/1993/0|1/40/}) 10. Bd3 Bb7 11. b4 Bd6 12. Bb2 O-O
13. Nbd2 Qe7 14. Rac1 $5 {/N/} (14. Rfd1 Rfd8 15. Ne4 Nxe4 16. Bxe4 Rac8 17.
Rac1 Na7 18. Bxb7 Qxb7 19. Nd4 $14 {Stahlberg,G-Fine,R/Goteborg/1937/0,5/49/})
14... Rfc8 (14... Rfd8 $5) (14... Rac8 $5) 15. Bxf6 $1 gxf6 (15... Qxf6 16. Ne4
Qe7 17. Nxd6 (17. Rfd1 $5) 17... Qxd6 18. Ng5 h6 19. Ne4 Qe7 20. Nc5 $36) 16.
Ne4 Nd8 (16... Ne5 $6 17. Nxe5 Bxe5 18. Qg4+ Kh8 19. Qh4 $16) 17. Nd4 (17. Rcd1
$5 $36) 17... f5 18. Nxd6 Qxd6 19. Qh5 (19. Rcd1 $5) 19... Qe5 20. Be2 Qg7 21.
Bf3 Bxf3 22. Qxf3 $14 Qg4 $1 23. Rfd1 Kf8 24. h3 (24. Kf1 $5) 24... Qxf3 25.
gxf3 Ke8 26. Kf1 Rxc1 27. Rxc1 Kd7 28. Ke2 (28. Nb3 Rc8 (28... Nc6 29. Nc5+ Kc7
30. Rd1 $36) 29. Rxc8 Kxc8 30. Nc5 a5 31. bxa5 Nc6 32. a6 Kc7 $10) 28... Rc8
29. Rxc8 Kxc8 30. Kd3 Kd7 31. f4 f6 (31... Nc6 32. Nb3 $14) 32. f3 Nb7 33. Nb3
Kd6 34. e4 fxe4+ 35. fxe4 e5 36. Ke3 Ke6 37. f5+ Ke7 38. Kf3 Kf7 39. Kg4 Kg7
$10 40. Kh5 Nd6 41. Nc5 Nc4 42. a4 (42. Nxa6 Nxa3 43. Nc7 Nc2 44. Nxb5 Nxb4 $10
) 42... a5 (42... bxa4 43. Nxa4 Nd2 44. Nc5 Nxe4 45. Nxa6 Nd6 46. Kg4 $14) 43.
bxa5 (43. bxa5 bxa4 44. a6 a3 45. a7 Nb6 46. Kg4 a2 47. Nb3 Kf7 48. Kf3 Ke7 49.
Ke3 Kd7 $10) 1/2-1/2

[Event "Novosibirsk"]
[Site "Novosibirsk"]
[Date "1995.??.??"]
[Round "6"]
[White "Smirin, Ilia"]
[Black "Kharlov, Andrei"]
[Result "1/2-1/2"]
[WhiteElo "2630"]
[BlackElo "2555"]
[PlyCount "48"]
[EventDate "1995.10.??"]
[EventType "tourn"]
[EventRounds "11"]
[EventCountry "RUS"]
[EventCategory "15"]
[SourceTitle "CBM 050"]
[Source "ChessBase"]
[SourceDate "1996.02.01"]
[SourceVersion "1"]
[SourceVersionDate "1996.02.01"]
[SourceQuality "1"]

1. e4 c5 2. Nf3 Nc6 3. Bb5 d6 4. c3 Nf6 5. Qe2 Bg4 6. O-O e6 7. h3 Bh5 8. Rd1
Rc8 9. d4 cxd4 10. cxd4 d5 11. Nc3 dxe4 12. Nxe4 Nd5 13. g4 Bg6 14. Nc3 Be7 15.
h4 h6 16. Ne5 Bh7 17. Nxd5 Qxd5 18. Bf4 O-O 19. Nxc6 bxc6 20. Bc4 Qe4 21. Bg3
Rcd8 22. f3 Qxe2 23. Bxe2 Bf6 24. Bf2 e5 1/2-1/2

[Event "Novosibirsk"]
[Site "Novosibirsk"]
[Date "1995.??.??"]
[Round "7"]
[White "Kharlov, Andrei"]
[Black "Makarov, Marat"]
[Result "1/2-1/2"]
[WhiteElo "2555"]
[BlackElo "2520"]
[PlyCount "83"]
[EventDate "1995.10.??"]
[EventType "tourn"]
[EventRounds "11"]
[EventCountry "RUS"]
[EventCategory "15"]
[SourceTitle "CBM 050"]
[Source "ChessBase"]
[SourceDate "1996.02.01"]
[SourceVersion "1"]
[SourceVersionDate "1996.02.01"]
[SourceQuality "1"]

1. e4 c5 2. Nf3 Nc6 3. c3 d5 4. exd5 Qxd5 5. d4 Bg4 6. Be2 e6 7. h3 Bh5 8. c4
Qd6 9. d5 Bxf3 10. Bxf3 Nd4 11. O-O e5 12. Nc3 Nf6 13. Re1 Be7 14. Be3 O-O 15.
Rc1 Rae8 16. b4 cxb4 17. Bxd4 exd4 18. Nb5 Qb6 19. Qd3 Bc5 20. Rxe8 Rxe8 21.
Rd1 Nd7 22. d6 a6 23. Qf5 axb5 24. Qxd7 Rd8 25. Re1 Bxd6 26. Re8+ Rxe8 27.
Qxe8+ Bf8 28. cxb5 Qc7 29. Qe4 Qc1+ 30. Kh2 Qd2 31. Qe2 Qxe2 32. Bxe2 Bd6+ 33.
g3 Kf8 34. Kg2 Ke7 35. Kf3 f5 36. Bd3 g6 37. g4 fxg4+ 38. Kxg4 Kf6 39. f4 b6
40. Kf3 Bc5 41. Bc4 h6 42. Bd3 1/2-1/2

[Event "Novosibirsk"]
[Site "Novosibirsk"]
[Date "1995.??.??"]
[Round "8"]
[White "Goldin, Alexander"]
[Black "Kharlov, Andrei"]
[Result "0-1"]
[WhiteElo "2585"]
[BlackElo "2555"]
[Annotator "Horn,Pe"]
[PlyCount "140"]
[EventDate "1995.10.??"]
[EventType "tourn"]
[EventRounds "11"]
[EventCountry "RUS"]
[EventCategory "15"]
[SourceTitle "CBM 050"]
[Source "ChessBase"]
[SourceDate "1996.02.01"]
[SourceVersion "1"]
[SourceVersionDate "1996.02.01"]
[SourceQuality "1"]

1. Nf3 d5 2. g3 Bg4 3. Bg2 c6 4. c4 Nd7 5. cxd5 cxd5 6. Nc3 Ngf6 7. Qb3 e6 (
7... Nc5 $6 8. Qb5+ Nfd7 9. d4 $1 a6 10. Qb4 Ne4 11. Qxb7 Nxc3 12. bxc3 e6 13.
Bf4 Be7 14. O-O O-O 15. a4 Bxf3 16. Bxf3 Nf6 17. Rfb1 Bd6 18. Bxd6 Qxd6 19. Rb6
{Andersson-Tal/Stockholm/1976}) 8. d4 $146 (8. Qxb7 Nc5 9. Qb5+ (9. Qc6+ Nfd7
10. Nb5 Rc8 11. Nd6+ Bxd6 12. Qxd6 Qa5 {[%cal Rc5b3]} 13. O-O Nb3 14. Rb1 Qxa2
15. d3 Rc2 (15... Qxb1 16. Bg5 Qxf1+ 17. Bxf1 f6 18. Be3 $16) 16. Be3 Qa5 17.
Rfe1 $14) 9... Nfd7 $44 10. e3 Rb8 (10... Bf5 11. Qf1 Nd3+ 12. Kd1 Qb8) 11. Qf1
Qf6 12. Nd4 Ne5 13. f3 Ncd3+ 14. Kd1 Bh5 15. Kc2 Bg6) 8... Qb6 9. Qxb6 Nxb6 10.
Ne5 Bb4 11. Bd2 Ke7 (11... O-O 12. Rc1 Rac8 13. a3 Bxc3 14. Bxc3 Na4 15. Nxg4
Nxg4 16. O-O $10) 12. h3 Bf5 13. g4 Bg6 14. h4 h5 15. g5 {Nach dieser
Festlegung ist die Bauernstruktur so starr, daß die B an Kraft verlieren.} (15.
Nxg6+ $5 fxg6 16. gxh5 gxh5 17. a3 Bd6 18. Nb5 $14) 15... Ne8 16. e4 $1 (16.
Nxg6+ $6 fxg6 17. Rc1 (17. Nb5 Bxd2+ 18. Kxd2 Nc4+ {[%cal Yh8f8,Yf8f4]}) 17...
Nd6 {[%csl Rh4][%cal Yd6f5]}) (16. Nb5 Bxd2+ 17. Kxd2 Bf5 18. b3 f6 $10) 16...
Bxc3 (16... dxe4 $2 17. Nxe4 Bxd2+ 18. Nxd2 Nd6 19. Nxg6+ fxg6 20. Ne4 Nf5 21.
Rc1 $14) 17. Bxc3 Nd6 18. exd5 (18. Nxg6+ fxg6 19. f3 $13 (19. Bb4 {[%cal
Re4e5]} Kd7 $1 20. f3 (20. Bxd6 Kxd6 21. e5+ Kd7 $17 {/\ Rhf8-f4, Rac8-c2,
Nc8-e7-f5}) 20... Rhc8 $17) (19. e5 $2 Nf5 20. Kd2 Rac8 21. Rac1 Kd7 22. b3 Rc7
23. Ba1 Rhc8 $17)) 18... Nxd5 19. Bxd5 exd5 20. O-O (20. Bb4 Ke6 21. Kd1 {
[%cal Yh1e1]} Rac8 22. Nxg6 (22. Re1 Bc2+ 23. Kd2 Ne4+ 24. Ke3 f6) 22... fxg6
23. Re1+ Kd7 24. Re5 Rc4 $1 25. Bc5 Ne4 $10) 20... Nc4 21. Rae1 Nxe5 22. Rxe5+
Kd6 23. Bb4+ Kc6 24. Rc1+ Kb5 25. Bd6 Be4 26. Re7 b6 27. Rxf7 g6 28. f3 Bf5 29.
Kf2 Rac8 30. Rcc7 (30. Bc7 {um ein R-Paar mehr im Spiel zu haben} Rhf8 31. Rf6
Ka6 $10 {[%cal Ra6b7]}) 30... Rxc7 31. Bxc7 (31. Rxc7 Rc8 $10 {und Weiß hat
praktisch keine Gewinnchance.}) 31... Bb1 32. f4 $6 {eine kleine Falle;
allerdings steht der P auf f3 besser.} (32. a3 $6 Kc4 {[%csl Rb2][%cal Rc4b3]})
32... Bf5 (32... Bxa2 $2 33. f5 gxf5 34. g6 $18) 33. Ke3 Re8+ 34. Kd2 Re6 35.
Be5 Rc6 36. Rxa7 $2 {Geht dem Remis aus dem Wege. Das entstehende Endspiel
steht aber schon besser für Schwarz.} (36. Rc7 Rxc7 37. Bxc7 $10) 36... Rc2+
37. Ke3 Rxb2 {[%csl Rh4]} 38. Bd6 Rh2 39. a4+ Kc4 40. Rc7+ Kb3 41. Rc6 Kxa4 42.
Rxb6 Rxh4 43. Rb4+ Ka5 44. Rb7 Rh2 45. Kf3 Ka6 46. Rb8 h4 47. Ra8+ Kb5 48. Ra1
Rd2 49. Be5 Rd3+ 50. Kf2 h3 51. Rg1 Rc3 52. Bb8 Kc6 53. Be5 Kd7 54. Bb8 Ke8 55.
Be5 Kf7 56. Bb8 Ke6 57. Be5 Rd3 58. Rh1 Rd2+ 59. Kg1 Rd1+ 60. Kh2 Rd3 61. Rg1
Rd2+ 62. Kg3 Kd7 63. Bf6 Kc6 64. Be5 Kb5 65. Bf6 Kc4 66. Be5 Kd3 67. Bf6 Ke2
68. Ra1 Rd3+ 69. Kh2 Kf2 70. Be5 Rd2 0-1

[Event "Novosibirsk"]
[Site "Novosibirsk"]
[Date "1995.??.??"]
[Round "9"]
[White "Kharlov, Andrei"]
[Black "Beliavsky, Alexander"]
[Result "1-0"]
[WhiteElo "2555"]
[BlackElo "2650"]
[Annotator "Bangiev"]
[PlyCount "41"]
[EventDate "1995.10.??"]
[EventType "tourn"]
[EventRounds "11"]
[EventCountry "RUS"]
[EventCategory "15"]
[SourceTitle "CBM 050"]
[Source "ChessBase"]
[SourceDate "1996.02.01"]
[SourceVersion "1"]
[SourceVersionDate "1996.02.01"]
[SourceQuality "1"]

1. e4 {Kortschnoj} e6 2. d4 d5 3. Nc3 Bb4 4. Nge2 dxe4 5. a3 {[%csl Ye4]} Be7 (
5... Bxc3+ {Kortschnoj} 6. Nxc3 Nc6) 6. Nxe4 b6 $6 (6... Nf6 $142) (6... Nc6
$10 {Kortschnoj}) (6... Nf6 $10 {Kortschnoj}) 7. N2c3 Bb7 {[%csl Yd4][%cal
Yb7e4]} 8. Qf3 $1 {[%cal Rf3b7]} Kf8 (8... Qc8 9. Qg3 $36) (8... Nd7 $6 9. Nd6+
$5 cxd6 10. Qxb7 $14) (8... Nc6 {Kortschnoj} 9. Bb5 Kf8 10. Ng5 Bxg5 11. Bxc6
$14) 9. Qg3 Nc6 {[%csl Rd4]} (9... Nh6 10. Bxh6 gxh6 11. Qf4 Bg5 12. Nxg5 hxg5
13. Qe3 Nd7 14. O-O-O {1-0 Al Modiahki,M-Abdulwahab,A/Moscow olm (11) QTR-IRQ 
(41)}) (9... Qxd4 $6 10. Qxc7 {[%csl Yc8,Rb7]} (10. Be3 Qd8 11. Rd1 Qc8 $44)
10... Qd7 (10... Bxe4 $6 11. Be3 (11. Nxe4 Qd7 $14) 11... Qd8 12. Qxd8+ Bxd8
13. Nxe4 $14) 11. Qg3 $36) 10. Be3 Bh4 (10... Nf6 11. Nxf6 (11. O-O-O Nxe4 12.
Nxe4 Na5 $143 $13 {[%csl Yc4,Yd5,Re4]}) 11... Bxf6 {[%csl Rd4]} 12. O-O-O {
[%csl Yc7,Yd5,Yg7]} Ne7 (12... Nxd4 13. Nb5 (13. Bxd4 $6 Bxd4 14. Nb5 $6 Bxb2+
15. Kxb2 Qxd1 $17) 13... c5 (13... Bh4 14. Qxc7 $16) 14. c3 $16) 13. Bd3 Nd5 (
13... Qd7 14. h4 $36) 14. Nxd5 Bxd5 15. c4 $14) (10... Nxd4 $2 11. Bxd4 Qxd4
12. Rd1 $18) 11. Qf4 g5 (11... f5 {Kortschnoj} 12. O-O-O $1 $40) 12. Nxg5 $8
Bxg5 13. Qxg5 Qxg5 14. Bxg5 Nxd4 15. O-O-O {Weiß bezitzt die offene d-Linie
und ein starkes Läuferpaar, also steht er klar besser.} c5 (15... Nf5 16. Rd7
$16) 16. Nb5 $1 {Weiß opfert für die schnelle Öffnung der d-Linie den Bauern
g2. Das Einbruchsfeld auf der 7. Reihe der offenen d-Linie d7 ist dabei die
Drehscheibe für die Angriffsoperationen von Weiß.} e5 (16... Nxb5 17. Bxb5 Bxg2
18. Rhg1 Bf3 19. Rd7 $40 a6 20. Bd3 Ke8 21. Rd6 b5 22. Bf4 $16 {[%csl Yb6,Ye5,
Yg7]}) 17. Nxd4 exd4 (17... cxd4 18. f4 (18. c3 Rc8 $1) 18... f6 (18... exf4
19. Bxf4 $16) 19. Bh4 Kg7 20. fxe5 fxe5 21. Bc4 $16) 18. c3 $1 {Mit der Idee
das Einbruchsfeld d7 auf der 7.Reihe u erreichen.} dxc3 $6 (18... h6 19. Bh4) (
18... f6 $142 {Da die d-Linie durch den Bauern d4 blokiert wird, soll Schwarz
den Bauern d4 unterstützen, um die Offnung der d-Linie zu verhindern.} 19. Bh4
Rd8) 19. bxc3 Kg7 20. Bc4 $16 {Es droht 21.Rd7 mit dem entscheidenden Vorteil.}
(20. Rd7 Bc6 21. Rc7) 20... b5 (20... Nf6 21. Rd6 Ne4 22. Bh6+ Kg8 23. Rd7 $18)
(20... Bxg2 $2 21. Rhg1 {[%cal Rg1g7]} Bc6 (21... Bh3 22. Be7+ Kh6 23. Rd6+ $18
) 22. Be7+ Kh6 23. Rd6+ $18) (20... h6 21. Bh4 Bc6 22. Rd6 $16) (20... Bc6 21.
Rd6 Be8 22. Re1 $16) 21. Bxb5 1-0

[Event "Novosibirsk"]
[Site "Novosibirsk"]
[Date "1995.??.??"]
[Round "11"]
[White "Kharlov, Andrei"]
[Black "Svidler, Peter"]
[Result "1/2-1/2"]
[WhiteElo "2555"]
[BlackElo "2635"]
[PlyCount "47"]
[EventDate "1995.10.??"]
[EventType "tourn"]
[EventRounds "11"]
[EventCountry "RUS"]
[EventCategory "15"]
[SourceTitle "CBM 050"]
[Source "ChessBase"]
[SourceDate "1996.02.01"]
[SourceVersion "1"]
[SourceVersionDate "1996.02.01"]
[SourceQuality "1"]

1. e4 c5 2. c3 e6 3. d4 d5 4. e5 Bd7 5. Nf3 Nc6 6. dxc5 Bxc5 7. b4 Bb6 8. b5
Na5 9. Bd3 Nc4 10. a4 Qc7 11. Qe2 a6 12. bxa6 Rxa6 13. O-O Ne7 14. Na3 Rxa4 15.
Nxc4 dxc4 16. Rxa4 Bxa4 17. Bxc4 O-O 18. Bd3 Ng6 19. h4 Bc6 20. h5 Bxf3 21.
gxf3 Qxe5 22. hxg6 Qg3+ 23. Kh1 Qh3+ 24. Kg1 1/2-1/2

[Event "RUS-ch"]
[Site "Elista"]
[Date "1995.??.??"]
[Round "1"]
[White "Lukin, Andrey"]
[Black "Kharlov, Andrei"]
[Result "1/2-1/2"]
[WhiteElo "2440"]
[BlackElo "2555"]
[PlyCount "96"]
[EventDate "1995.10.??"]
[EventType "swiss"]
[EventRounds "11"]
[EventCountry "RUS"]
[SourceTitle "CBM 050"]
[Source "ChessBase"]
[SourceDate "1996.02.01"]
[SourceVersion "1"]
[SourceVersionDate "1996.02.01"]
[SourceQuality "1"]

1. c4 e6 2. Nf3 Nf6 3. g3 d5 4. b3 a5 5. Bg2 a4 6. O-O axb3 7. Qxb3 Be7 8. d4
O-O 9. Nc3 Nc6 10. cxd5 exd5 11. a4 Bf5 12. Ba3 Na5 13. Bxe7 Nxb3 14. Bxd8
Rfxd8 15. Ra3 Na5 16. Ne5 c6 17. e3 Ne8 18. g4 Bg6 19. Nxg6 hxg6 20. Rb1 Nd6
21. Bf1 g5 22. Ra2 g6 23. Bd3 f5 24. gxf5 gxf5 25. f3 Re8 26. Re2 Kg7 27. e4
fxe4 28. fxe4 dxe4 29. Nxe4 Nxe4 30. Rxe4 Rxe4 31. Bxe4 Rd8 32. Rb4 Kf6 33. Bf3
Ke6 34. d5+ cxd5 35. Rb5 Nc4 36. Rxb7 d4 37. Bg4+ Ke5 38. Re7+ Kf4 39. Rd7 Rxd7
40. Bxd7 d3 41. Kf2 Nb2 42. h3 d2 43. Bg4 d1=Q 44. Bxd1 Nxd1+ 45. Kg2 Ne3+ 46.
Kf2 Nc4 47. Kg2 Na5 48. Kf2 Nc6 1/2-1/2

[Event "RUS-ch"]
[Site "Elista"]
[Date "1995.??.??"]
[Round "2"]
[White "Kharlov, Andrei"]
[Black "Kholmov, Ratmir"]
[Result "1-0"]
[WhiteElo "2555"]
[BlackElo "2445"]
[Annotator "Chekhov"]
[PlyCount "77"]
[EventDate "1995.10.??"]
[EventType "swiss"]
[EventRounds "11"]
[EventCountry "RUS"]
[SourceTitle "CBM 050"]
[Source "ChessBase"]
[SourceDate "1996.02.01"]
[SourceVersion "1"]
[SourceVersionDate "1996.02.01"]
[SourceQuality "1"]

1. d4 {Baburin} Nf6 2. c4 e6 3. Nc3 Bb4 4. Qc2 d5 5. cxd5 Qxd5 {Baburin: This
old move recently became fashionable again, when GM Romanishin invented 6...
Qf5.} 6. Nf3 Qf5 7. Qd1 (7. Qxf5 exf5 8. a3 Be7 9. b4 c6 10. e3 Be6 11. Bd3
Nbd7 12. Ng5 Nd5 13. Nxe6 fxe6 14. Bd2 g6 $10 {Alterman,B-Hamdouchi,H/FRA/1994/
0|1/50/}) (7. Qb3 c5 8. a3 Ba5 9. e3 Nc6 10. Be2 cxd4 11. exd4 Qd5 12. Bc4 Qe4+
13. Be3 O-O 14. O-O Bxc3 15. Qxc3 Bd7 16. Rae1 $14 {Shabalov,A-Romanishin,O/
Godesburg/1994/0|1/41/}) 7... O-O (7... Ne4 8. Bd2 Nxd2 9. Qxd2 c5 10. a3 cxd4
11. axb4 dxc3 12. Qxc3 O-O 13. e3 Qf6 14. Qxf6 gxf6 15. Be2 $16 {Sherbakov,
R-Lukacs,P/Budapest/1994/1|0/45}) (7... c5 8. a3 Bxc3+ 9. bxc3 b6 10. e3 Bb7
11. Bb5+ Bc6 12. Bd3 Be4 13. Bb5+ Bc6 14. Qa4 Bxb5 15. Qxb5+ Nbd7 16. Ne5 a6
17. Qc6 Qe4 $10 {Dao,T-Horvath,J/Budapest/1995/0,5/25/}) 8. e3 c5 9. Bd3 Qh5
10. O-O cxd4 11. exd4 Nbd7 12. Ne2 Bd6 13. Bf4 Bxf4 14. Nxf4 Qh6 (14... Qa5 $5
15. a3 Rd8 16. Rc1 Qb6 17. Qe2 Nf8 $14 {Goldin,A-Zvjaginsev,V/Tivat(YUG-cht)/
1995/0,5/18/}) 15. Nh3 $5 {/N/} (15. g3 $5 b6 16. Rc1 Bb7 17. Rc7 $14 {Gelfand,
B-Zvjaginsev,V/Biel/1995/1|0/28/}) 15... Nb6 (15... b6 $5 16. Rc1 Bb7 17. Rc7
Bd5) 16. Ne5 Bd7 17. f4 Rad8 18. Ng5 g6 {Baburin: Black might be OK in this
position, but not with the Queen badly placed on h6 - it's not just out of
play, it also provokes the further White's attack on the KSide.} (18... Ba4 $5
19. b3 Bc6 20. Nxc6 bxc6 21. Rf3 g6 $13) 19. Rf3 Bc8 20. Rc1 Nbd5 (20... Rxd4
21. Nexf7 Rxf7 22. Nxf7 Kxf7 23. Bxg6+ Qxg6 24. Qxd4 $36) 21. Qd2 b6 22. Rh3
Qg7 23. Qf2 h6 {[#]} (23... Bb7 24. Qh4 Rc8 25. Rd1 $36) 24. Ngxf7 $5 {Baburin:
This move ruins the Black's KSide.} Rxf7 25. Bxg6 Rc7 (25... Rff8 26. Rg3 Kh8
27. Bb1 $40) 26. Rd1 (26. Rxc7 $6 Qxc7 27. Qd2 Bb7 28. Rxh6 Rc8) 26... Kh8 (
26... Kf8 $5) 27. Qh4 Rg8 $6 (27... Bb7 $5) 28. Qg5 Rf8 29. Rxh6+ Kg8 30. Qh4
$18 Ne7 31. g4 Nxg4 32. Bh7+ Kh8 33. Nxg4 Rxf4 34. h3 Ng8 35. Bxg8+ Kxg8 36.
Rh5 Rxd4 37. Rf1 Rc5 38. Rh8+ $1 Qxh8 39. Rf8+ (39. Rf8+ Kxf8 40. Qxh8+ Ke7 41.
Qxd4 $18) 1-0

[Event "RUS-ch"]
[Site "Elista"]
[Date "1995.??.??"]
[Round "3"]
[White "Kharlov, Andrei"]
[Black "Dreev, Alexey"]
[Result "1-0"]
[WhiteElo "2555"]
[BlackElo "2670"]
[Annotator "Hecht"]
[PlyCount "85"]
[EventDate "1995.10.??"]
[EventType "swiss"]
[EventRounds "11"]
[EventCountry "RUS"]
[SourceTitle "CBM 050"]
[Source "ChessBase"]
[SourceDate "1996.02.01"]
[SourceVersion "1"]
[SourceVersionDate "1996.02.01"]
[SourceQuality "1"]

1. c4 e6 2. d4 f5 3. g3 Nf6 4. Bg2 c6 5. b3 d5 6. Nf3 Bd6 7. O-O Qe7 8. a4 a5
9. Ba3 Bxa3 10. Nxa3 Nbd7 11. Nc2 b6 12. Ne5 Nxe5 13. dxe5 Nd7 14. cxd5 cxd5
15. f4 Nc5 16. Nd4 O-O 17. Qd2 Bd7 18. b4 Na6 19. bxa5 bxa5 20. Qxa5 Nb4 21.
Qc7 Rfc8 22. Qb6 Rcb8 23. Qd6 Qxd6 24. exd6 Nc6 25. Nxc6 Bxc6 26. a5 Bb5 27.
Rfb1 Kf7 28. a6 Bc4 29. Rxb8 Rxb8 30. Ra4 Bxe2 31. a7 Ra8 32. Bf1 Bxf1 33. Kxf1
{T-T Motive: von hinten gedeckter wFreibauer und aktiver wK überkompensieren
den schwarzen Mehrbauern ===> Gewinn} Ke8 34. Ke2 Kd7 35. Ra6 Kc8 36. Kd3 Kb7
37. Ra4 Kc6 38. Kd4 Kxd6 39. Ra6+ Ke7 (39... Kd7 40. Ke5 Kc7 41. Rxe6 Rxa7 42.
Re7+ Kb6 43. Rxa7 Kxa7 44. Kxd5 $18) 40. Kc5 g5 41. fxg5 Kf7 42. h4 h6 43. gxh6
1-0

[Event "RUS-ch"]
[Site "Elista"]
[Date "1995.??.??"]
[Round "5"]
[White "Kharlov, Andrei"]
[Black "Vyzmanavin, Alexey"]
[Result "1-0"]
[WhiteElo "2555"]
[BlackElo "2605"]
[Annotator "Dautov"]
[PlyCount "65"]
[EventDate "1995.10.??"]
[EventType "swiss"]
[EventRounds "11"]
[EventCountry "RUS"]
[SourceTitle "CBM 050"]
[Source "ChessBase"]
[SourceDate "1996.02.01"]
[SourceVersion "1"]
[SourceVersionDate "1996.02.01"]
[SourceQuality "1"]

1. d4 f5 2. g3 Nf6 3. Bg2 g6 4. Nf3 Bg7 5. O-O O-O 6. b3 d6 7. Bb2 Qe8 8. Nbd2
Nc6 9. Re1 e5 (9... h6 10. e4 fxe4 11. Nxe4 Nxe4 12. Rxe4 g5 13. c3 $5 Qf7 14.
Qd2 Bf5 15. Re3 e5 $1 16. dxe5 dxe5 17. Qe2 Rad8 18. Ba3 e4 19. Nd2 Bg4 $1 20.
Qe1 Qxf2+ 21. Qxf2 Rxf2 22. Kxf2 Rxd2+ $44 {Neverov,V-Malaniuk,V/Nikolaev (zt)
1995}) 10. e4 $1 {N} (10. dxe5 dxe5 11. e4 fxe4 $6 (11... f4 12. Nc4 fxg3 13.
fxg3 Bg4 14. h3 Bxf3 15. Bxf3 Nd4 $10 {Glek,I}) 12. Nxe4 Nxe4 13. Rxe4 Bf5 14.
Re3 Rd8 (14... Bh6 15. Re2 Rd8 16. Qe1 $16) 15. Qf1 $1 $14 {Szekely,P-Glek,I/
Moskva 1991}) 10... Nxe4 (10... f4 11. d5 $1 (11. gxf4 exd4 12. Nxd4 Nh5 (12...
Ng4 $5) 13. e5 Nxf4 (13... Nxd4 14. Bxd4 Nxf4 15. exd6 Qd8 $44) 14. exd6 Qd7
15. Nxc6 Bxb2 16. Ne7+ Kh8 17. Nc4 Bg7 $44) 11... Ne7 (11... Nd8 12. gxf4 Nh5
$1 (12... exf4 13. e5 Nxd5 14. exd6 Qf7 15. Ne5 Bxe5 16. Rxe5 $16) 13. fxe5
dxe5 14. Nc4 Nf4 $44) 12. gxf4 exf4 13. c4 Bg4 14. e5 dxe5 15. Bxe5 Nd7 16.
Bxg7 Kxg7 17. Ne4 $16 {><e6,/^a1-h8,<->e}) 11. dxe5 (11. Nxe4 $2 fxe4 12. Rxe4
d5 13. Re1 e4 $15) 11... d5 (11... dxe5 12. Nxe4 fxe4 13. Ng5 Bf5 14. Qd5+ Kh8
15. Nxe4 Rd8 16. Qc4 $14) (11... Nxd2 12. Qxd2 dxe5 (12... Be6 13. Ng5 $16) 13.
Nxe5 Nxe5 14. Bxe5 Bxe5 15. Qd5+ Qf7 16. Qxe5 c6 17. Bf1 b5 18. a4 $16) 12. c4
Be6 (12... Nxd2 13. Qxd2 $5 (13. Nxd2 dxc4 14. Nxc4 Be6 15. Rc1 $14) 13... dxc4
14. e6 $5 cxb3 (14... Bxe6 $2 15. Bxg7 Kxg7 16. Ng5 Rf6 17. Qc3 Nd8 18. Bd5 $18
) 15. Bxg7 Kxg7 16. Qc3+ Rf6 17. axb3 $36) 13. cxd5 Bxd5 14. Nxe4 Bxe4 15. Ng5
Bxg2 16. Kxg2 $16 Qe7 $6 (16... Rd8 17. Qc2 {/\Qc4,Ne6} Nb4 $2 18. Qxc7 Nd3 19.
e6 $1 Nxe1+ 20. Rxe1 Qc6+ 21. Qxc6 bxc6 22. Bxg7 Kxg7 23. e7 $18) 17. Qc1 $1 {
/\Ba3} f4 18. gxf4 Rf5 19. Ba3 Qe8 20. Qc4+ Kh8 21. Ne6 Qf7 (21... b5 22. Qd5
Rc8 23. Rac1 $18) 22. Nxg7 Qxc4 (22... Qxg7 23. h4 (23. e6 g5 $132) 23... Qh6
24. Kg3 $16) 23. bxc4 Kxg7 24. Rad1 Rxf4 25. Bb2 g5 (25... Raf8 26. e6+ Kg8 27.
Re2 $16 {/\Rd7}) 26. e6+ Kg6 27. Rd7 Rxc4 (27... Raf8 28. Re2 Rg4+ 29. Kf1 Rxc4
30. Rg7+ Kh6 31. Rxc7 $16) 28. Rg7+ Kf5 $2 (28... Kh6 29. Rxc7 Na5 30. Rd7 $16)
29. Rf7+ Kg6 30. Rf6+ $18 Kh5 31. e7 Re8 32. Ree6 Rg4+ (32... Rxe7 33. Rh6+ Kg4
34. h3+ Kf5 35. Rhf6#) 33. Kf1 (33. Kf1 Rh4 34. f3 $18) 1-0

[Event "RUS-ch"]
[Site "Elista"]
[Date "1995.??.??"]
[Round "6"]
[White "Krasenkow, Michal"]
[Black "Kharlov, Andrei"]
[Result "1/2-1/2"]
[WhiteElo "2590"]
[BlackElo "2555"]
[PlyCount "82"]
[EventDate "1995.10.??"]
[EventType "swiss"]
[EventRounds "11"]
[EventCountry "RUS"]
[SourceTitle "CBM 050"]
[Source "ChessBase"]
[SourceDate "1996.02.01"]
[SourceVersion "1"]
[SourceVersionDate "1996.02.01"]
[SourceQuality "1"]

1. Nf3 d5 2. d4 Nf6 3. c4 dxc4 4. Qa4+ c6 5. Qxc4 Bf5 6. g3 Nbd7 7. Bg2 Nb6 8.
Qb3 Qd5 9. Nbd2 Qxb3 10. Nxb3 e6 11. O-O Be4 12. Nc5 Bxc5 13. dxc5 Nbd7 14. Be3
Nd5 15. Bd4 f6 16. Rac1 e5 17. Bc3 Nxc3 18. Rxc3 O-O-O 19. b4 Kc7 20. Ng5 fxg5
21. Bxe4 Nf6 22. Bd3 e4 23. Bb1 Rd4 24. a3 a5 25. e3 axb4 26. Rcc1 Rd2 27. axb4
Re8 28. Rc4 g4 29. Bc2 h5 30. Rd1 Rxd1+ 31. Bxd1 Re5 32. Bc2 Kd7 33. Rd4+ Ke6
34. Rd8 Kf5 35. Rb8 Re7 36. Bb3 Nh7 37. Kf1 Ng5 38. Rf8+ Ke5 39. Ke2 Rd7 40.
Re8+ Kf6 41. Rf8+ Ke5 1/2-1/2